000 01529cab a2200193 4500
001 ABS42334
008 090401t1990 xxu||||| |||| 00| 0 eng d
035 _a(Sirsi) u36248
041 _aeng
245 _aSimmonds v Kent CC
260 _c1990
350 _a0
490 _aEstates Gazette
_v(1990) 10 EG 84-88(3)
520 _aLT 7 September 1989. This decision concerned the question of whether interest should have been payable on the compensation agreed for the compulsory acquisition of property, a gentlemans outfitters. In September 1986 S served a blight notice on the council which was accepted. The value of the freehold interest was agreed to be £75,000 and disturbance £67,000 plus redundancy payments, surveyors fees and legal costs. The suggested completion date was 27 February 1987 and the tenant of the attached flat was served with a notice to quit active on that date. Problems arose over a piece of adjoining land owned by British Rail and used to accommodate a fire escape for the flat and the completion date was delayed. No mention of interest was made. Question arose as to whether the council had made an entry on to the land on 27 February or any subsequent date but before the date of compensation as under Land Compensation Act 1961 s32 and Land Compensation Act 1973 s63 . It was found that the pr
650 _aRATE OF INTEREST AFTER ENTRY
690 _aENVIRONMENTAL AND LAND CONSULTANCY-PLANNING AND DEVELOPMENT-COMPULSORY PURCHASE AND COMPENSATION
942 _n0
948 _c04/03/1997
999 _c23606
_d23606